[Event "TCh-LTU 2017"]
[Site "masterchessopen.com Lithuania LTU"]
[Date "2017.03.18"]
[Round "6.4"]
[White "Tvarijonas,P"]
[Black "Pultinevicius,Paulius"]
[Result "0-1"]
[WhiteElo "2361"]
[BlackElo "2391"]
[EventType "team"]

1.e4 e5 2.Nf3 Nc6 3.Bb5 a6 4.Ba4 Nf6 5.O-O Be7 6.c3 Nxe4 7.Re1 Nc5 8.Bxc6 dxc6
9.Nxe5 Be6 10.Qh5 O-O 11.d4 Nd7 12.Nd2 a5 13.Ne4 Nf6 14.Nxf6+ Bxf6 15.f4 g6
16.Qf3 Bg7 17.Be3 a4 18.a3 Re8 19.Rad1 Qd5 20.Qf2 f6 21.Nd3 Bf5 22.Nb4 Qb3
23.h3 Be4 24.Rd2 f5 25.Nd3 Bxd3 26.Rxd3 Re4 27.Bc1 Rae8 28.Rde3 Rxe3 29.Rxe3
Qd1+ 30.Kh2 Kf7 31.Rxe8 Kxe8 32.Be3 Bf6 33.Bd2 Kd7 34.Qe3 Qc2 35.Bc1 Kd6
36.Kg3 Kd5 37.Kf3 Qe4+ 38.Kf2 Kc4 39.Qe2+ Qxe2+ 40.Kxe2 h5 41.Kd2 Kb3 42.Kd3
b5 43.Kd2 Bh4 44.Kd3 Bg3 45.d5 cxd5 {#R} 0-1

[Event "TCh-LTU 2017"]
[Site "masterchessopen.com Lithuania LTU"]
[Date "2017.03.18"]
[Round "6.4"]
[White "Zukauskas,Arnas Povilas"]
[Black "Juknis,P"]
[Result "0-1"]
[WhiteElo "2142"]
[BlackElo "2235"]
[EventType "team"]

1.e4 e6 2.d3 d5 3.Nd2 Nf6 4.Ngf3 Nc6 5.g3 dxe4 6.dxe4 Bc5 7.Bg2 e5 8.c3 a5
9.O-O O-O 10.Qc2 b6 11.Rd1 Qe7 12.Nc4 Ba6 13.Ne3 Rad8 14.Nd5 Nxd5 15.exd5 e4
16.Ne1 Qf6 17.Bxe4 Rfe8 18.Nf3 Ne5 19.Kg2 Nxf3 20.Bxf3 Be2 21.Bf4 Bxf3+
22.Kxf3 g5 23.h4 gxf4 24.gxf4 Kh8 25.a3 Bd6 26.Qd2 Qf5 27.Qd4+ Be5 {#R} 0-1

[Event "TCh-LTU 2017"]
[Site "masterchessopen.com Lithuania LTU"]
[Date "2017.03.18"]
[Round "6.4"]
[White "Ceponis,Tadas"]
[Black "Babrauskas,Darius"]
[Result "1-0"]
[WhiteElo "2117"]
[BlackElo "2013"]
[EventType "team"]

1.e4 c5 2.d4 cxd4 3.c3 Nf6 4.e5 Nd5 5.Nf3 Nc6 6.cxd4 d6 7.Bc4 e6 8.O-O Be7
9.Qe2 O-O 10.Rd1 Bd7 11.Bd2 Qb6 12.Nc3 Nxc3 13.Bxc3 dxe5 14.dxe5 Rfd8 15.h4
Be8 16.Ng5 Rac8 17.Nxe6 fxe6 18.Bxe6+ Kh8 19.Bxc8 Rxc8 20.Qg4 Rd8 21.e6 Bf6
22.Bxf6 gxf6 23.Rxd8 Qxd8 24.Re1 Qe7 25.f4 Qc5+ 26.Kh2 Ne7 27.Rd1 h5 28.Qf3
Bc6 29.Rd8+ Kh7 30.Qd3+ Kg7 31.Qg3+ Kh7 32.Rf8 Ng6 33.Rf7+ Kh6 34.Rxf6 Be4
35.Rf7 {#r} 1-0

[Event "TCh-LTU 2017"]
[Site "masterchessopen.com Lithuania LTU"]
[Date "2017.03.18"]
[Round "6.4"]
[White "Sumskis,R"]
[Black "Jankunas,T"]
[Result "0-1"]
[WhiteElo "2092"]
[BlackElo "2035"]
[EventType "team"]

1.e3 e5 2.c4 d5 3.cxd5 Qxd5 4.Nc3 Qd8 5.Nf3 Bd6 6.Be2 Nf6 7.O-O O-O 8.d3 Nc6
9.b3 a6 10.Bb2 Bf5 11.Rc1 Qe8 12.e4 Bg4 13.h3 Bxf3 14.Bxf3 Nd4 15.g3 Qe7
16.Bg2 Ba3 17.Bxa3 Qxa3 18.f4 Qd6 19.Kh2 Rad8 20.Na4 b6 21.Rf2 Nd7 22.f5 f6
23.Nb2 b5 24.Qd2 Qb6 25.Rff1 c6 26.Rfe1 Nc5 27.Qc3 Nb7 28.Kh1 c5 29.Qd2 Rd6
30.h4 Rfd8 31.Red1 Nc6 32.Qe1 Nb4 33.Bf1 Nxa2 34.Ra1 Nb4 35.Rdc1 Nc6 36.Qf2
Nd4 37.Ra3 Na5 38.Rca1 Naxb3 39.Rxa6 Qxa6 40.Rxa6 Rxa6 41.Nd1 Ra1 42.Ne3 Rda8
43.g4 R8a2 44.Qg3 Nd2 45.Qh3 Nxf1 46.Nxf1 Rf2 {#R} 0-1

[Event "TCh-LTU 2017"]
[Site "masterchessopen.com Lithuania LTU"]
[Date "2017.03.18"]
[Round "6.5"]
[White "Mikenas,Laimutis"]
[Black "Narmontas,R"]
[Result "0-1"]
[WhiteElo "2018"]
[BlackElo "2001"]
[EventType "team"]

1.c4 e5 2.Nc3 Nc6 3.e3 g6 4.d4 Bg7 5.d5 Nce7 6.d6 Nf5 7.Nb5 Nxd6 8.Nxd6+ cxd6
9.Qxd6 Qf6 10.Qxf6 Nxf6 11.Bd2 O-O 12.Nf3 e4 13.Nd4 d5 14.Be2 Rd8 15.O-O Bg4
16.cxd5 Bxe2 17.Nxe2 Nxd5 18.Rab1 Nf4 19.exf4 Rxd2 20.Nc3 f5 21.Rfd1 Rad8
22.Rxd2 Rxd2 23.Kf1 b6 24.Nd1 Bd4 25.Rc1 Bc5 26.a3 a5 27.Ke1 e3 28.fxe3 Rxg2
29.Rc4 Rxh2 30.b4 Be7 31.bxa5 bxa5 32.Rc8+ Kf7 33.Ra8 Ra2 34.Rxa5 Rxa3 35.Rxa3
Bxa3 36.Ke2 Ke6 37.Nf2 Kd5 38.Kd3 Bd6 39.Nh3 h6 40.Nf2 Bc7 41.Nh3 Ke6 42.Ng1
g5 43.fxg5 hxg5 44.Nf3 g4 45.Ne1 Bg3 46.Ng2 Ke5 47.Kd2 Kd6 48.Kd3 Kd5 49.Kd2
Ke4 50.Ke2 Bc7 51.Ne1 Bb6 52.Ng2 g3 53.Kd2 Kf3 54.Ne1+ Kf2 55.Nd3+ Kf1 56.Nf4
g2 {#R} 0-1

[Event "TCh-LTU 2017"]
[Site "masterchessopen.com Lithuania LTU"]
[Date "2017.03.18"]
[Round "6.7"]
[White "Tamosaitis,R"]
[Black "Valantiejus,Vaidotas"]
[Result "0-1"]
[WhiteElo "2101"]
[BlackElo "2174"]
[EventType "team"]

1.d4 d5 2.Bg5 h6 3.Bh4 c6 4.e3 Qb6 5.Qc1 Bf5 6.Nd2 e6 7.c4 Be7 8.c5 Qd8 9.Bg3
Nf6 10.Be2 O-O 11.Ngf3 Nbd7 12.b4 a6 13.Ne5 Nxe5 14.Bxe5 Nd7 15.Bg3 Bf6 16.f4
Be7 17.O-O Nf6 18.Bh4 Ne4 19.Bxe7 Qxe7 20.Nxe4 Bxe4 21.Rf2 f6 22.a4 e5 23.Qc3
exd4 24.exd4 f5 25.Bf1 Kh8 26.b5 a5 27.Rb2 Qc7 28.Qd2 Rfb8 29.Ra3 b6 30.Rc3
cxb5 31.axb5 Rc8 32.Ra2 Kh7 33.Ra1 Qb8 34.Rac1 Rc7 35.g3 a4 36.Ra3 Qc8 37.Qb4
Qf8 38.Rxa4 Rxa4 39.Qxa4 bxc5 40.Qa3 Qf6 41.Qe3 c4 42.Bg2 Re7 43.Qd2 Qb6
44.Qb2 Bxg2 45.Kxg2 Re3 46.Qd2 Qe6 47.Kf2 Rd3 48.Qe1 Qe4 49.Qxe4 fxe4 50.Ra1
Rb3 51.Ra5 c3 52.b6 Rxb6 53.Rc5 Rb4 54.Rxc3 Rxd4 55.Ke3 Ra4 56.Rc5 Ra3+ 57.Ke2
Rd3 58.f5 h5 59.h4 Kg8 60.Rc7 Rxg3 61.Rd7 Rd3 62.Ke1 d4 63.Ke2 Kf8 64.Rd6 Kf7
65.Re6 Re3+ 66.Kd2 Rd3+ 67.Ke2 Rh3 68.Rxe4 d3+ 69.Kd2 Kf6 70.Rf4 Ke5 71.Rb4
Kxf5 72.Rb5+ Kg6 73.Rb6+ Kh7 74.Rb4 Kh6 75.Rd4 g6 76.Ke1 Rh2 77.Kf1 d2 78.Kg1
Re2 {#R} 0-1

[Event "55th TCh-DEN Ex 2016-17"]
[Site "masterchessopen.com Denmark DEN"]
[Date "2017.03.18"]
[Round "8.1"]
[White "Grandelius,N"]
[Black "Schandorff,L"]
[Result "1-0"]
[WhiteElo "2642"]
[BlackElo "2511"]

1.e4 c6 2.d4 d5 3.Nc3 dxe4 4.Nxe4 Bf5 5.Ng3 Bg6 6.h4 h6 7.Nf3 e6 8.h5 Bh7
9.Bd3 Bxd3 10.Qxd3 Nf6 11.Bd2 Be7 12.O-O-O O-O 13.Ne4 Nxe4 14.Qxe4 Qd5 15.Qg4
Kh8 16.Kb1 Nd7 17.Qf4 Nf6 18.Ne5 Rad8 19.Bc1 Qe4 20.Qxe4 Nxe4 21.Be3 Nf6 22.c4
Nd7 23.g4 a6 24.Kc2 Kg8 25.f4 Bd6 26.Rde1 Rfe8 27.Bf2 f6 28.Ng6 c5 29.dxc5
Bxc5 30.Bxc5 Nxc5 31.Rd1 a5 32.b3 Rb8 33.Rd6 Red8 34.Rhd1 Rxd6 35.Rxd6 Kf7
36.a3 Rc8 37.b4 axb4 38.axb4 Ne4 39.Rd7+ Ke8 40.Rxb7 {#r} 1-0

[Event "55th TCh-DEN Ex 2016-17"]
[Site "masterchessopen.com Denmark DEN"]
[Date "2017.03.18"]
[Round "8.1"]
[White "Mikkelsen,N"]
[Black "Rodgaard,J"]
[Result "1-0"]
[WhiteElo "2463"]
[BlackElo "2320"]

1.e4 e6 2.d4 d5 3.Nd2 Nf6 4.e5 Nfd7 5.Bd3 c5 6.c3 Nc6 7.Ne2 cxd4 8.cxd4 f6
9.exf6 Nxf6 10.Nf3 Bd6 11.O-O Qc7 12.Bd2 O-O 13.Rc1 Ng4 14.Ng3 g6 15.Bb5 Qb6
16.Qe2 e5 17.dxe5 Ngxe5 18.Nxe5 Nd4 19.Qd3 Bxe5 20.Ba4 Rd8 21.Bc3 Bf6 22.Rfd1
Nf5 23.Bb3 Nxg3 24.Qxg3 Bxc3 25.Rxc3 Be6 26.h4 d4 27.Bxe6+ Qxe6 28.Rc7 Rd7
29.Rxd7 Qxd7 30.h5 Rd8 31.hxg6 d3 32.gxh7+ Kh8 33.Qe5+ Kxh7 34.Rd2 Kg6 35.f3
Qc6 36.Qg3+ Kf7 37.Qf4+ Kg6 38.Qg4+ Kf7 39.Qf5+ Ke7 40.Qh7+ Kf8 41.Rxd3 Qc1+
42.Kh2 Rxd3 43.Qxd3 Qh6+ 44.Kg3 Qg7+ 45.Kf4 Qxb2 46.Qf5+ Kg8 47.Qd5+ Kf8 48.g4
Qb4+ 49.Kf5 a5 50.f4 b5 51.Kg6 Ke7 52.Qf7+ Kd8 53.g5 a4 54.f5 Qe4 55.Kg7 b4
56.g6 b3 57.axb3 a3 58.b4 Qxb4 59.f6 Qb2 60.Qe7+ Kc8 61.Kg8 a2 62.f7 Qb3
63.Qf6 Kb7 64.Kg7 Qb1 65.f8=Q a1=Q 66.Qe7+ Ka8 67.Qxa1+ Qxa1+ 68.Kg8 Qa6 69.g7
Qg6 70.Qf8+ Kb7 71.Qf7+ {#r} 1-0

[Event "55th TCh-DEN Ex 2016-17"]
[Site "masterchessopen.com Denmark DEN"]
[Date "2017.03.18"]
[Round "8.1"]
[White "Skovgaard,Pe2"]
[Black "Jaksland,T"]
[Result "1-0"]
[WhiteElo "2302"]
[BlackElo "2230"]

1.e4 c5 2.Nf3 e6 3.d4 cxd4 4.Nxd4 Nc6 5.Nc3 Qc7 6.Qd3 a6 7.Nxc6 Qxc6 8.Bf4 Bb4
9.Be2 Nf6 10.e5 Nd5 11.Bd2 Nxc3 12.bxc3 Be7 13.Qg3 g6 14.O-O d5 15.exd6 Bxd6
16.Qh4 Be5 17.Bf3 Qc7 18.Rab1 O-O 19.c4 Rb8 20.Rfe1 Bg7 21.Qe4 e5 22.Bb4 Re8
23.Qd3 Bf5 24.Bd6 Bxd3 25.Bxc7 Bxc2 26.Bxb8 Bxb1 27.Rxb1 Rxb8 28.Rxb7 Rxb7
29.Bxb7 a5 30.Bd5 Bf8 31.Kf1 Bc5 32.Ke2 Kf8 33.f3 Ke7 34.Kd3 f5 35.Kc2 h6
36.Kb3 Kd6 37.Ka4 Bb6 38.Kb5 Bd8 39.Bf7 g5 40.c5+ Kd7 41.Bg6 f4 42.Bf5+ Ke7
43.a4 Bc7 44.Kc6 Kd8 45.Kb7 e4 46.fxe4 f3 47.gxf3 Bxh2 48.Kb6 Bc7+ 49.Kc6 h5
50.Bh3 Bf4 51.Kd5 Ke7 52.e5 Be3 53.Bf5 Bf2 54.Kc6 Bd4 55.Kd5 Be3 56.Kc4 Bf4
57.Kb5 Bxe5 58.Kxa5 Kd8 59.Kb6 Bc7+ 60.Kb5 Bf4 61.a5 Kc7 62.a6 Kb8 63.Kb6 Bc7+
64.Kc6 Bf4 65.Kd7 Ka7 66.c6 g4 67.Bxg4 hxg4 68.fxg4 {#r} 1-0

[Event "55th TCh-DEN Ex 2016-17"]
[Site "masterchessopen.com Denmark DEN"]
[Date "2017.03.18"]
[Round "8.1"]
[White "Ostergaard,J"]
[Black "Bekker Jensen,Da"]
[Result "0-1"]
[WhiteElo "2239"]
[BlackElo "2206"]

1.d4 Nf6 2.Nf3 g6 3.c4 Bg7 4.Nc3 d6 5.e4 O-O 6.Be2 Nbd7 7.O-O e5 8.Be3 Qe7
9.d5 c5 10.Ne1 Ne8 11.Nd3 f5 12.f3 f4 13.Bf2 h5 14.Rb1 Kh8 15.b4 b6 16.bxc5
Nxc5 17.a4 Nb7 18.Nb4 Bf6 19.Nc6 Qg7 20.a5 Nxa5 21.Nxa5 bxa5 22.Qa4 Bd7 23.Qd1
Be7 24.Nb5 g5 25.h3 Rg8 26.Qd3 g4 27.fxg4 hxg4 28.g3 gxh3 29.Kh2 fxg3+ 30.Bxg3
Bh4 31.Rg1 Bxg3+ 32.Rxg3 Qxg3+ 33.Qxg3 Rxg3 34.Kxg3 a6 35.Nc3 Nf6 36.Kh2 Rg8
37.Bf1 Rg4 38.Rb8+ Kh7 39.Rb6 Rf4 40.Rb1 Kh6 41.c5 dxc5 42.Bxa6 Nxe4 43.Nxe4
Rxe4 44.Rb7 Bg4 45.Kg3 Bf5 46.Re7 Rg4+ 47.Kh2 Rg2+ 48.Kh1 Be4 49.Re6+ Kg7
50.Bd3 Bxd3 51.d6 Be4 52.Re7+ Kf8 53.Re8+ Kxe8 54.d7+ Kf7 {#R} 0-1

[Event "55th TCh-DEN Ex 2016-17"]
[Site "masterchessopen.com Denmark DEN"]
[Date "2017.03.18"]
[Round "8.1"]
[White "Brorsen,J"]
[Black "Nordenbaek,J"]
[Result "0-1"]
[WhiteElo "2144"]
[BlackElo "2170"]

1.d4 d5 2.Nf3 Nf6 3.Bf4 c5 4.e3 Nc6 5.c3 Qb6 6.Qb3 c4 7.Qc2 Bf5 8.Qc1 e6 9.Be2
h6 10.h3 Be7 11.O-O O-O 12.Nbd2 Rac8 13.Re1 Qd8 14.Ne5 Nxe5 15.dxe5 Nd7 16.e4
Bxe4 17.Nxe4 dxe4 18.Qe3 Bg5 19.Rad1 Bxf4 20.Qxf4 Qc7 21.Rd6 Nc5 22.Bxc4 Na4
23.Bb3 Nxb2 24.Rxe4 Qxc3 25.Re3 Qc1+ 26.Kh2 b5 27.Qb4 Nc4 28.Rd1 Qb2 29.Re4
Qxf2 30.Qxb5 Ne3 31.Rxe3 Qxe3 32.Rf1 Rc5 33.Qd7 Qxe5+ 34.Kh1 Rc7 35.Qd3 Rc3
36.Qd7 Qc7 37.Qd4 Rd8 38.Qg4 Rc1 39.Rxc1 Qxc1+ 40.Kh2 Qc5 41.Qe4 Rc8 42.Qd3
Qe5+ 43.Kg1 Rc1+ {#R} 0-1

[Event "55th TCh-DEN Ex 2016-17"]
[Site "masterchessopen.com Denmark DEN"]
[Date "2017.03.18"]
[Round "8.2"]
[White "Andreasen,Jo"]
[Black "Teplyi,I"]
[Result "0-1"]
[WhiteElo "2215"]
[BlackElo "2431"]

1.d4 Nf6 2.c4 e6 3.Nc3 Bb4 4.e3 O-O 5.Ne2 d5 6.a3 Be7 7.Nf4 b6 8.Bd3 Bb7 9.O-O
dxc4 10.Bxc4 Nbd7 11.Qb3 Bd6 12.Re1 e5 13.Nd3 e4 14.Nf4 a6 15.a4 c6 16.h3 Qe7
17.Qd1 Rad8 18.Qe2 b5 19.axb5 axb5 20.Bb3 b4 21.Na4 Ra8 22.Bd2 Ra5 23.Rec1
Rfa8 24.Qd1 g6 25.g3 Kg7 26.Kh2 h5 27.Bc4 h4 28.b3 hxg3+ 29.fxg3 Rh8 30.Be2
Rf5 31.Kg2 g5 32.Bg4 Rb5 33.Nh5+ Nxh5 34.Bxh5 Nf6 35.Bg4 Nxg4 36.hxg4 Bxg3
37.Nc5 Rh2+ 38.Kg1 Bb8 39.Be1 Qf6 40.Nxe4 Rh1+ {#R} 0-1

[Event "55th TCh-DEN Ex 2016-17"]
[Site "masterchessopen.com Denmark DEN"]
[Date "2017.03.18"]
[Round "8.2"]
[White "Petersen,To1"]
[Black "Schmidt,Kr"]
[Result "1-0"]
[WhiteElo "2341"]
[BlackElo "2215"]

1.Nf3 c5 2.g3 Nc6 3.Bg2 Nf6 4.O-O e5 5.d3 d5 6.Na3 Be7 7.e4 d4 8.Nc4 Nd7 9.a4
O-O 10.Nfd2 Nb6 11.f4 f6 12.f5 Bd7 13.h4 Qc7 14.Rf2 Nd8 15.b3 Nf7 16.Nf3 Nxc4
17.dxc4 Bc6 18.Qd3 b6 19.Bd2 a6 20.Re1 Nd6 21.g4 b5 22.g5 bxc4 23.bxc4 Be8
24.Nh2 Bf7 25.Qe2 Kh8 26.g6 hxg6 27.Qg4 gxf5 28.exf5 Nxc4 29.Be4 Nd6 30.Rg2
Nxf5 31.Bxf5 Rg8 32.Bg6 Bd6 33.Qh5# 1-0

[Event "55th TCh-DEN Ex 2016-17"]
[Site "masterchessopen.com Denmark DEN"]
[Date "2017.03.18"]
[Round "8.2"]
[White "Christensen,Bo"]
[Black "Baekgaard,M"]
[Result "0-1"]
[WhiteElo "2137"]
[BlackElo "2313"]

1.e4 d6 2.Nf3 Nf6 3.Nc3 e5 4.Bc4 Be7 5.h3 O-O 6.d3 c6 7.Bb3 Na6 8.d4 exd4
9.Qxd4 Nc5 10.O-O Be6 11.Rd1 Qc8 12.Ng5 Bxb3 13.axb3 h6 14.Nf3 Rd8 15.Nh4 d5
16.Nf5 Qe6 17.Nxe7+ Qxe7 18.e5 Nfe4 19.Ne2 a6 20.f3 Ne6 21.Qe3 N4c5 22.b4 d4
23.Nxd4 Nxd4 24.Rxd4 Ne6 25.Rxd8+ Rxd8 26.c3 Rd1+ 27.Kh2 Qd7 28.f4 Nc7 29.c4
Qf5 30.Ra3 Ne6 31.Rc3 Rd4 32.Qf2 g5 33.g4 Qe4 34.Rf3 Rxc4 35.Bd2 Rc2 36.Kg3
gxf4+ {#R} 0-1

[Event "55th TCh-DEN Ex 2016-17"]
[Site "masterchessopen.com Denmark DEN"]
[Date "2017.03.18"]
[Round "8.3"]
[White "Hector,J"]
[Black "Matthiesen,A"]
[Result "1-0"]
[WhiteElo "2513"]
[BlackElo "2342"]

1.e4 e6 2.d4 d5 3.Nc3 Nf6 4.Bg5 dxe4 5.Nxe4 Nbd7 6.Nf3 h6 7.Nxf6+ Nxf6 8.Bh4
c5 9.Bc4 cxd4 10.O-O Be7 11.Qe2 O-O 12.Rad1 Qb6 13.Ne5 Re8 14.Rd3 Nd7 15.Bg3
Bd6 16.Nxf7 Kxf7 17.Qh5+ Kf8 18.Rf3+ Nf6 19.Qg6 Be7 20.Be5 Qc5 21.Rg3 Rd8
22.Qxg7+ Ke8 23.Bxf6 Kd7 24.Bxe6+ {#r} 1-0

[Event "55th TCh-DEN Ex 2016-17"]
[Site "masterchessopen.com Denmark DEN"]
[Date "2017.03.18"]
[Round "8.3"]
[White "Brynell,S"]
[Black "Hansen,Lars"]
[Result "1-0"]
[WhiteElo "2450"]
[BlackElo "2270"]

1.Nf3 e6 2.c4 b6 3.g3 Bb7 4.Bg2 Nf6 5.d4 Bb4+ 6.Bd2 Bxd2+ 7.Qxd2 O-O 8.Nc3 d6
9.Qc2 c5 10.d5 exd5 11.Ng5 g6 12.h4 Nc6 13.cxd5 Nd4 14.Qd2 b5 15.e3 b4 16.Nce4
Nf5 17.Nxf6+ Qxf6 18.Ne4 Qe5 19.g4 Ng7 20.f4 Qe7 21.g5 Nh5 22.O-O-O a5 23.Bf3
a4 24.Nf2 a3 25.b3 f5 26.gxf6 Nxf6 27.e4 Qg7 28.Kb1 c4 29.bxc4 Nd7 30.h5 Nc5
31.hxg6 hxg6 32.Ng4 Rfb8 33.e5 Bc8 34.Nf6+ Kf8 35.Qh2 Bf5+ 36.Kc1 b3 37.Qh8+
Qxh8 38.Rxh8+ Kg7 39.Rh7+ Kf8 40.e6 b2+ 41.Kd2 Nxe6 42.dxe6 Bxe6 43.Bxa8 b1=Q
44.Rxb1 Rxb1 45.Bd5 {#r} 1-0

[Event "55th TCh-DEN Ex 2016-17"]
[Site "masterchessopen.com Denmark DEN"]
[Date "2017.03.18"]
[Round "8.3"]
[White "Lindfeldt,J"]
[Black "Sylvan,J"]
[Result "0-1"]
[WhiteElo "2266"]
[BlackElo "2371"]

1.e4 c5 2.Nf3 e6 3.Nc3 Nc6 4.Bb5 Nd4 5.O-O a6 6.Be2 Ne7 7.Re1 Nec6 8.Bf1 d6
9.Nxd4 cxd4 10.Ne2 Be7 11.c3 Qb6 12.d3 O-O 13.cxd4 Nxd4 14.Nxd4 Qxd4 15.Re2
Bd7 16.Be3 Qf6 17.Rc1 Bc6 18.f4 Rad8 19.Rf2 e5 20.Rc3 d5 21.fxe5 Qxe5 22.d4
dxe4 23.Qg4 Qd6 24.Rf5 Bd7 25.Qxe4 Bxf5 26.Qxf5 Bf6 27.Rd3 Qd5 28.Qxd5 Rxd5
29.Be2 Re8 30.Bf3 Rb5 31.Kf2 Rxb2+ 32.Kg3 h6 33.Bf4 g5 34.Bc7 Rc2 35.Bb6 Bd8
36.Bxd8 Rxd8 37.Bxb7 Rxa2 38.d5 Rd6 39.Bc6 Kg7 40.h4 gxh4+ 41.Kh3 Rg6 42.d6
Rg3+ 43.Rxg3+ hxg3 44.d7 Rd2 45.Kxg3 Kf6 46.Kg4 Ke7 {#R} 0-1

[Event "55th TCh-DEN Ex 2016-17"]
[Site "masterchessopen.com Denmark DEN"]
[Date "2017.03.18"]
[Round "8.3"]
[White "Kristensen,Kaa"]
[Black "Bank,P"]
[Result "1-0"]
[WhiteElo "2381"]
[BlackElo "2256"]

1.e4 g6 2.d4 c6 3.c4 d5 4.exd5 cxd5 5.Nc3 Nf6 6.Nf3 Bg7 7.Be2 O-O 8.O-O dxc4
9.Bxc4 Bg4 10.d5 Nbd7 11.Re1 Rc8 12.Bb3 Nc5 13.h3 Bf5 14.Nd4 Bd3 15.Be3 Nfe4
16.Rc1 Nxc3 17.Rxc3 Nxb3 18.Rxc8 Qxc8 19.Qxd3 Nxd4 20.Bxd4 Bxd4 21.Qxd4 Qd7
22.Qxa7 Qxd5 23.Qb6 e5 24.a4 Re8 25.b4 Re6 26.Qe3 e4 27.Rc1 Qe5 28.a5 Rd6
29.Qc5 Rd5 30.Qc8+ Kg7 31.Re1 Rb5 32.Qc4 f5 33.Rd1 f4 34.Rd7+ Kh6 35.Qg8 e3
36.Qxh7+ Kg5 37.h4+ Kf5 38.Rf7+ Ke4 39.Re7 e2 40.Qxg6+ Kd4 41.Rxe5 Rxe5
42.Qd6+ Ke4 43.f3+ Kf5 44.Qxe5+ {#r} 1-0

[Event "55th TCh-DEN Ex 2016-17"]
[Site "masterchessopen.com Denmark DEN"]
[Date "2017.03.18"]
[Round "8.3"]
[White "Rewitz,P"]
[Black "Hove,E"]
[Result "0-1"]
[WhiteElo "2215"]
[BlackElo "2267"]

1.g3 e5 2.Bg2 Nf6 3.c3 d5 4.d4 e4 5.f3 exf3 6.Nxf3 Be7 7.O-O O-O 8.Nbd2 c5
9.dxc5 Bxc5+ 10.Nd4 Bb6 11.Nb3 Ne4 12.Qd3 f5 13.Be3 Nc6 14.Nc2 Ne5 15.Qb5 Nc4
16.Bxb6 Qxb6+ 17.Qxb6 axb6 18.Nb4 Rd8 19.Nd4 g6 20.b3 Ne3 21.Rf3 Nxg2 22.Kxg2
Ra5 23.Rd1 Rc5 24.Rc1 Bd7 25.a4 Rdc8 26.Na2 Ra8 27.Rd3 Kf7 28.e3 b5 29.b4 Rcc8
30.a5 b6 31.Nb3 Be6 32.Rc2 d4 33.Nxd4 Bc4 34.Rd1 bxa5 35.bxa5 Bxa2 36.Rxa2
Nxc3 37.Nxb5 Nxb5 38.Rd7+ Kg8 39.Kf3 Rc7 40.Rxc7 Nxc7 41.g4 fxg4+ 42.Kxg4 Ra6
43.Kf4 Nd5+ 44.Ke5 Nb4 45.Rd2 Rxa5+ 46.Kd6 Kf7 47.e4 Ra2 48.Rd4 Nc2 49.Rd2
Ra6+ 50.Kd7 Ra7+ 51.Kd6 Ne3 52.Rf2+ Ke8 53.h3 Rd7+ 54.Kc5 Ke7 55.Rf3 Nc2 {#R}
0-1

[Event "55th TCh-DEN Ex 2016-17"]
[Site "masterchessopen.com Denmark DEN"]
[Date "2017.03.18"]
[Round "8.3"]
[White "Jakobsen,P"]
[Black "Ramsdal,Jens Albert"]
[Result "0-1"]
[WhiteElo "2201"]
[BlackElo "2201"]

1.Nf3 Nf6 2.c4 g6 3.Nc3 Bg7 4.e4 d6 5.d4 O-O 6.Be2 Na6 7.O-O e5 8.Be3 Qe8
9.dxe5 dxe5 10.h3 b6 11.a3 Bb7 12.Qc2 Nh5 13.b4 Nf4 14.c5 bxc5 15.b5 Nb4
16.axb4 cxb4 17.Nd5 Bxd5 18.exd5 Nxd5 19.Bc5 e4 20.Nd4 Nc3 21.Ra5 e3 22.Bf3
Rd8 23.Nc6 Rd2 24.Qc1 b3 25.Bxe3 Rc2 26.Qa3 Qe6 27.Nb4 Ne2+ 28.Bxe2 Rxe2
29.Ra6 Qc4 30.Rc1 Qxb5 31.Qxb3 Rb2 32.Qc4 Rxb4 33.Qxb5 Rxb5 34.Rxc7 Rb1+
35.Rc1 Rxc1+ 36.Bxc1 Bd4 37.Be3 Bxe3 38.fxe3 Re8 39.Rxa7 Rxe3 40.Kf2 Rb3
41.Rc7 Kg7 42.Rc6 Rb5 43.Kg3 Rf5 44.Ra6 Rf6 45.Ra4 Re6 46.Ra7 Kf6 47.Ra5 Rd6
48.Ra7 Ke6 49.Rb7 h6 50.Ra7 g5 51.Ra8 Rd3+ 52.Kf2 Ke5 53.Ra5+ Rd5 54.Ra7 Rd2+
55.Kg3 Rd3+ 56.Kf2 f5 57.Ra5+ Ke4 58.Ra8 Rd2+ 59.Kf1 Ke3 60.Re8+ Kf4 61.Rf8
Ra2 62.g4 Ra5 63.Rf6 h5 64.gxh5 Kf3 65.Ke1 f4 66.h6 Ra1+ 67.Kd2 Rh1 68.h7 Rxh3
69.Rf7 g4 70.Rg7 g3 71.Kd3 g2 72.Kd2 Kf2 {#R} 0-1

[Event "55th TCh-DEN Ex 2016-17"]
[Site "masterchessopen.com Denmark DEN"]
[Date "2017.03.18"]
[Round "8.4"]
[White "Hillarp Persson,T"]
[Black "Semcesen,D"]
[Result "1-0"]
[WhiteElo "2513"]
[BlackElo "2457"]

1.c4 b6 2.Nc3 Bb7 3.e4 e6 4.Nge2 Nf6 5.f3 c5 6.d4 cxd4 7.Nxd4 a6 8.Be3 Qc7
9.Qd2 d6 10.Be2 Be7 11.O-O O-O 12.Rfc1 Nbd7 13.a4 Rfc8 14.a5 bxa5 15.Nb3 a4
16.Nxa4 Rab8 17.Na5 Ba8 18.b4 Ne5 19.b5 Ned7 20.Rab1 axb5 21.cxb5 Qd8 22.Rxc8
Qxc8 23.Ba7 Rb7 24.Nxb7 Bxb7 25.Bf2 d5 26.exd5 Nxd5 27.Qc1 Qa8 28.Nc3 N5b6
29.Ra1 Qb8 30.Ne4 h6 31.Bf1 Nd5 32.Ra2 Nb4 33.Rd2 Bd5 34.Rd1 Ne5 35.Qc3 Na2
36.Qd4 Bxe4 37.fxe4 Ng4 38.g3 Ne5 39.Qa7 Qxa7 40.Bxa7 Nc3 41.Rc1 {#r} 1-0

[Event "55th TCh-DEN Ex 2016-17"]
[Site "masterchessopen.com Denmark DEN"]
[Date "2017.03.18"]
[Round "8.4"]
[White "Aabling Thomsen,J"]
[Black "Pedersen,NicV"]
[Result "0-1"]
[WhiteElo "2380"]
[BlackElo "2371"]

1.e4 e5 2.Nf3 Nc6 3.g3 Nf6 4.d3 g6 5.Bg2 Bg7 6.O-O O-O 7.c3 d5 8.Nbd2 a5 9.Re1
dxe4 10.dxe4 b6 11.Qa4 Qd7 12.Nf1 Nd4 13.Qd1 Nxf3+ 14.Qxf3 Bb7 15.Bg5 Ne8
16.Qe3 Nd6 17.Nd2 f5 18.exf5 gxf5 19.Bxb7 Nxb7 20.Qe2 Nc5 21.Nf3 Rae8 22.Qc4+
Qf7 23.Qxf7+ Rxf7 24.Rad1 e4 25.Nd4 Kf8 26.Re2 Nd3 27.f3 c5 28.Nb5 Ne5 29.f4
Nf3+ 30.Kg2 Nxg5 31.fxg5 f4 32.gxf4 Rxf4 33.Nc7 Re5 34.h4 Rxh4 35.Rf2+ Ke7
36.Nd5+ Ke6 37.Nc7+ Ke7 38.Nd5+ Ke6 39.Kg3 e3 40.Nf4+ Kf5 41.Ng2+ exf2
42.Nxh4+ Ke4 43.Kxf2 Rxg5 44.Rd7 h5 45.Nf3 Rg6 46.a4 Rg4 47.Nd2+ Kf5 48.Rf7+
Bf6 49.Rb7 Bd8 50.b3 h4 51.Nc4 Rg6 52.Rd7 Bf6 53.Rd5+ Ke4 54.Rh5 Bg5 55.Nxb6
Be3+ 56.Ke2 Rxb6 57.Rxh4+ Bf4 58.Rh5 Bd6 59.Rh4+ Ke5 60.Kd3 Rxb3 61.Kc4 Ra3
62.Rh5+ Ke6 63.Rh6+ Kd7 64.Kd5 Be7 65.Ra6 Rxa4 66.Ra7+ Ke8 67.Ke6 Re4+ 68.Kd5
Re3 69.c4 Rd3+ 70.Ke6 Rd6+ 71.Ke5 Rd4 72.Ke6 Bd8 73.Rh7 Kf8 74.Rh5 Bb6 75.Rh8+
Kg7 76.Rb8 Bd8 77.Rc8 a4 78.Ra8 Bf6 79.Rxa4 Rd8 80.Ra2 Bc3 81.Rg2+ Kh6 82.Rg3
Bb4 {#R} 0-1

[Event "55th TCh-DEN Ex 2016-17"]
[Site "masterchessopen.com Denmark DEN"]
[Date "2017.03.18"]
[Round "8.4"]
[White "Bromann,T"]
[Black "Pedersen,JanR"]
[Result "1-0"]
[WhiteElo "2421"]
[BlackElo "2197"]

1.d4 Nf6 2.Nc3 d5 3.Bg5 Bf5 4.f3 c6 5.Qd2 h6 6.Bh4 e6 7.O-O-O Bb4 8.a3 Be7
9.Re1 Qa5 10.e4 dxe4 11.fxe4 Nxe4 12.Rxe4 Bxe4 13.Bxe7 Kxe7 14.Nxe4 Qxd2+
15.Nxd2 Nd7 16.Ngf3 c5 17.dxc5 Nxc5 18.Bc4 Rhd8 19.b4 Nd7 20.Re1 Nb6 21.Bb3 a5
22.Re5 axb4 23.axb4 Nd5 24.Bxd5 Rxd5 25.Re3 b5 26.Ne4 Rd7 27.Nc3 Rb8 28.Re5 f6
29.Rc5 e5 30.Nxb5 Rbd8 31.Nc3 g5 32.g4 Rd6 33.b5 Ke6 34.Kb2 h5 35.h3 hxg4
36.hxg4 Rh8 37.Ne4 Rb6 38.c4 Rh1 39.Rc7 Rf1 40.Nfd2 Rf4 41.Kc3 Rxg4 42.Kb4 Rf4
43.Kc5 Rb8 44.b6 g4 45.Kc6 g3 46.Nxg3 f5 47.c5 Rd4 48.Ngf1 e4 49.b7 Rb4 50.Ne3
Ke5 51.Re7+ Kd4 52.Nc2+ {#r} 1-0

[Event "55th TCh-DEN Ex 2016-17"]
[Site "masterchessopen.com Denmark DEN"]
[Date "2017.03.18"]
[Round "8.4"]
[White "Grove,P"]
[Black "Pilgaard,K"]
[Result "0-1"]
[WhiteElo "2171"]
[BlackElo "2384"]

1.e4 e5 2.Nc3 Nf6 3.Nf3 Nc6 4.d4 exd4 5.Nxd4 Bb4 6.Nxc6 bxc6 7.Bd3 d5 8.exd5
cxd5 9.O-O O-O 10.h3 h6 11.Qf3 Bd6 12.Bf4 Bxf4 13.Qxf4 c5 14.b3 Be6 15.Na4 Qa5
16.Rfe1 Rac8 17.Bf5 Bxf5 18.Qxf5 c4 19.Rad1 Rfe8 20.Re3 Rcd8 21.Rxe8+ Rxe8
22.c3 Qb5 23.Qc2 Re4 24.b4 Qe8 25.Nc5 Re2 26.Qf5 Rxa2 27.Kh2 Qe7 28.Rd4 g6
29.Qc8+ Kg7 30.Rf4 Nh5 31.Rf3 Qd6+ 32.g3 Rxf2+ {#R} 0-1

[Event "55th TCh-DEN Ex 2016-17"]
[Site "masterchessopen.com Denmark DEN"]
[Date "2017.03.18"]
[Round "8.4"]
[White "Palm,N"]
[Black "Bjerre,Ta"]
[Result "1-0"]
[WhiteElo "2321"]
[BlackElo "2073"]

1.d4 Nf6 2.c4 g6 3.Nc3 Bg7 4.e4 d6 5.f3 O-O 6.Be3 c5 7.Nge2 Nc6 8.Qd2 a6
9.dxc5 dxc5 10.Qxd8 Rxd8 11.Bxc5 Nd7 12.Be3 b5 13.O-O-O bxc4 14.Nf4 Nde5
15.Rxd8+ Nxd8 16.Nfd5 Be6 17.Nxe7+ Kf8 18.Ned5 Rc8 19.Be2 Ndc6 20.Rd1 Bxd5
21.Nxd5 Nd3+ 22.Bxd3 cxd3 23.Nc3 Ne5 24.Bd4 Bh6+ 25.Kb1 Nc6 26.Rxd3 Ke8 27.Bf6
Bf4 28.h3 Be5 29.Bxe5 Nxe5 30.Rd6 Nc4 31.Rxa6 Ne3 32.g4 Nf1 33.Kc2 Nh2 34.f4
Nf3 35.Rd6 Ke7 36.Rd1 h5 37.a4 hxg4 38.hxg4 Rh8 39.a5 Rh2+ 40.Kb3 Nd2+ 41.Kb4
{#r} 1-0